Loading...
Fine Arts - Classical Music | 0 | 11 | 2 | 0 | 100 | 35 | 78.82 | 3 | 7 |
Literature - American Literature | 0 | 10 | 0 | 1 | 100 | 32 | 108.90 | 1 | 5 |
Literature - World Literature | 0 | 7 | 1 | 0 | 65 | 46 | 79.43 | 3 | 5 |
Fine Arts - Other Fine Arts | 0 | 7 | 1 | 1 | 65 | 52 | 101.29 | 0 | 0 |
Literature - British Literature | 0 | 6 | 1 | 1 | 55 | 108 | 129.00 | 0 | 1 |
Fine Arts - Painting & Sculpture | 0 | 5 | 0 | 0 | 50 | 47 | 93.40 | 1 | 3 |
Religion | 0 | 4 | 1 | 1 | 35 | 103 | 130.00 | 0 | 0 |
Literature - European Literature | 0 | 4 | 1 | 0 | 35 | 57 | 97.75 | 1 | 3 |
Mythology | 0 | 3 | 0 | 1 | 30 | 113 | 128.33 | 0 | 0 |
Social Science | 0 | 1 | 0 | 1 | 10 | 146 | 146.00 | 0 | 0 |
History - American History | 0 | 1 | 0 | 0 | 10 | 81 | 81.00 | 0 | 1 |
History - Other History | 0 | 1 | 0 | 0 | 10 | 90 | 90.00 | 0 | 0 |
Philosophy | 0 | 1 | 0 | 0 | 10 | 108 | 108.00 | 0 | 0 |
Geography | 0 | 1 | 1 | 1 | 5 | 153 | 153.00 | 0 | 0 |
Current Events | 0 | 0 | 1 | 0 | -5 | 0.00 | 0 | 0 | |
History - World History | 0 | 0 | 1 | 0 | -5 | 0.00 | 0 | 0 |